Ajaccio - Choix multiples - Statistiques

Statistiques générales
  • Ce quiz a été pris 81 fois
  • Le résultat moyen est 7 sur 10
Statistiques - réponses
Question Réponse % Correct
Quel illustre dirigeant français est né à Ajaccio ? Napoléon I
94%
Avant l'indépendance de la Corse puis la domination française, quelle puissance détenait Ajaccio ? La République de Gênes
84%
Quel évènement dramatique perpétré par les nationalistes a eu lieu à Ajaccio en 1998 ? L'assassinat du préfet de Corse
83%
Où est située la ville d'Ajaccio ?
80%
Quel archipel se situe au large d'Ajaccio ? Îles sanguinaires
71%
Lequel de ces chanteurs n'a pas grandi à d'Ajaccio ? Clara Luciani
66%
Quel est le surnom de la ville ? Cité Impériale
63%
Comment se nomme la cathédrale d'Ajaccio ? Cathédrale Sainte-Marie de l'Assomption
60%
Quelle personnalité donne son nom au porte de plaisance situé près de la citadelle ? Tino Rossi
51%
Dans quel stade joue l'AC Ajaccio ? Stade François Coty
47%
Aucun quiz correspondant
Distribution des résultats
% des personnes avec chaque résultat
Percentile par nombre de réponses
Votre historique - résultats
Vous n’avez pas pris ce quiz